000 00766nam a2200217 a 4500
020 _a030903034X (pbk.) :
082 0 0 _a625.8
_bGIL
100 1 _aGillespie, T. D.
_943779
245 1 0 _aCalibration of response-type road roughness measuring systems /
_cT.D. Gillespie, M.W. Sayers, and L. Segel.
260 _aWashington, D.C. :
_bTransportation Research Board, National Research Council,
_c1980.
300 _a81 p. :
_bill. ;
_c28 cm.
490 1 _aReport,
526 _a0
_b0
_c0
_d625_800000000000000_GIL
650 0 _aMCE
_9379
650 0 _aPavements
_xTesting.
_921218
650 0 _aRoad meters
_xCalibration.
_943780
650 0 _aRoads
_xRiding qualities
_xTesting.
_921850
700 1 _aSayers, M. W.
_943781
700 1 _aSegel, L.
_943782
942 _2ddc
_cBK
999 _c547636
_d547636